Statistics for Top 5 Songs On Music To Be Murdered By (Eminem)

Click here to take the quiz!

General Stats

  • This quiz has been taken 12 times
  • The average score is 2 of 5

Answer Stats

HintAnswer% Correct
1,087,140,223Godzilla
(feat. Juice WRLD)
100%
121,109,481Darkness
50%
145,713,462Those Kinda Nights
(feat. Ed Sheeran)
42%
117,178,789Unaccommodating
(feat. Young M.A)
17%
135,942,251You Gon' Learn
(feat. Royce Da 5'9 & White Gold)
17%

Score Distribution

Percentile by Number Answered

Percent of People with Each Score

Your Score History

You have not taken this quiz